000 00282nam a2200121Ia 4500
003 OSt
005 20230902105953.0
008 170523s9999 xx 000 0 und d
040 _cIIMT UNIVERSITY
100 _aKUMAR SANJEET
245 0 _aPUBLIC DISTRIBUTION SYSTEM
942 _2ddc
_c02
999 _c10497
_d10497